El fuero de Salamanca: lingüística e historia
Saved in:
| 主要作者: | |
|---|---|
| 格式: | 图书 |
| 语言: | 西班牙语 |
| 出版: |
Granada
Consejo Superior de Investigaciones Científicas
1968
Granada Universidad de Granada 1968 |
| 丛编: | Filológica, 24
|
| 主题: | |
| 标签: |
添加标签
没有标签, 成为第一个标记此记录!
|
MARC
| LEADER | 00000nam a2200000 a 4500 | ||
|---|---|---|---|
| 001 | UCR2412 | ||
| 003 | CL-VaPUC | ||
| 008 | 980112e19680000sp |||||||||||||||||spa|d | ||
| 082 | 0 | 4 | |a 349.46 |b ALV |2 21 |
| 100 | 0 | |a Alvar López, Manuel |e author |9 400221 | |
| 245 | 1 | 3 | |a El fuero de Salamanca: lingüística e historia |
| 300 | |a 228 p | ||
| 942 | |c BK | ||
| 945 | |d 19980112 00:00:00 |a cmena | ||
| 260 | |a Granada |b Consejo Superior de Investigaciones Científicas |c 1968 | ||
| 260 | |a Granada |b Universidad de Granada |c 1968 | ||
| 650 | 7 | |a FUEROS |2 CL-VaPUC |9 255290 | |
| 650 | 7 | |a LEGISLACION |2 CL-VaPUC |9 400222 | |
| 650 | 0 | |a Normas jurídicas |9 258310 | |
| 650 | 0 | |a Derecho español |9 255291 | |
| 650 | 7 | |a FUENTES |2 CL-VaPUC |9 255666 | |
| 650 | 0 | |a Historia del derecho |9 255109 | |
| 650 | 0 | |a Ordenamiento jurídico |9 355371 | |
| 650 | 0 | |a Derecho privado |9 258243 | |
| 650 | 0 | |a Municipalidades |9 255557 | |
| 650 | 0 | |a Costumbres y tradiciones |9 268292 | |
| 651 | 7 | |a SALAMANCA |2 CL-VaPUC |9 352655 | |
| 651 | 0 | |a España |9 254926 | |
| 583 | |a last modification |c 20171005 04:26:10 |k Rodrigo Vera | ||
| 490 | 0 | |a Filológica, 24 | |
| 999 | |c 265580 |d 265578 | ||
| 952 | |0 0 |1 0 |4 0 |6 349_460000000000000_ALV_1968_1968 |7 0 |8 DER_HIS |9 296564 |a BIBDER |b BIBDER |d 2019-11-20 |i 1923951 |l 1 |o 349.46 ALV 1968 1968 |p 1923951 |r 2023-01-25 |s 2020-03-17 |w 2019-11-20 |x Ubicación 4to Piso |y BK |z Estos recursos deben solicitarse con anticipación |k DER | ||